000 00521nam a2200181 4500
001 109745
003 ES-MaACL
007 t|
008 061121s1984 sp r ||||1| spa d
100 1 _aMuñiz, Carlos.
_984259
245 1 0 _aTragicomedia del Serenísimo Príncipe Don Carlos /
_cCarlos Muñiz.
260 _aMadrid :
_bPreyson,
_c1984.
300 _a147 p. ;
_c15 cm.
490 1 _aArte escénico ;
_v32
830 0 _aArte escénico ;
_v32
_9180796
852 _aES-MaACL
_jL-6485
_bR.107103
999 _c109745
_d109745